=LDR 00000nam 2200000 4500 =001 INLIS000000000014408 =005 20130612105704 =008 ***********************************Ind** =035 ##$$0010-061300000014408 =041 ##$$a Ind =082 ##$$a F 813 =090 ##$$a F 813, Gib j =100 ##$$a Gibran, Kahlil =245 ##$$a Jiwa-jiwa pemberontak, Kahlil Gibran =260 ##$$a 2004 $b Yogyakarta =300 ##$$a xiv, 158 hlm, Il, 21 cm =650 ##$$a Fiksi Indonesia =850 ##$$a NBPNMAT